Social psychology
Written by three experts in the field, this book provides an insight into the history and process of social psychology, drawing upon the combined experience of the three authors. This edition has been brought up to date with recent developments.
Saved in:
| Main Author: | |
|---|---|
| Format: | Book |
| Language: | Undetermined |
| Published: |
New York
Longman
1997
|
| Subjects: | |
| Tags: |
Add Tag
No Tags, Be the first to tag this record!
|
| Institutions: | Trung tâm Học liệu Trường Đại học Cần Thơ |
|---|
| LEADER | 00796nam a2200205Ia 4500 | ||
|---|---|---|---|
| 001 | CTU_158380 | ||
| 008 | 210402s9999 xx 000 0 und d | ||
| 020 | |c 7.5 | ||
| 082 | |a 302 | ||
| 082 | |b A769 | ||
| 100 | |a Aronson, Elliot | ||
| 245 | 0 | |a Social psychology | |
| 245 | 0 | |c Elliot Aronson, Timothy D. Wilson, Robin M. Akert | |
| 260 | |a New York | ||
| 260 | |b Longman | ||
| 260 | |c 1997 | ||
| 520 | |a Written by three experts in the field, this book provides an insight into the history and process of social psychology, drawing upon the combined experience of the three authors. This edition has been brought up to date with recent developments. | ||
| 650 | |a Social psychology,Tâm lý học xã hội | ||
| 904 | |i QHieu | ||
| 980 | |a Trung tâm Học liệu Trường Đại học Cần Thơ | ||